000 00547nam a2200205Ia 4500
003 OSt
005 20240511103657.0
008 210210b2008 xxu||||| |||| 00| 0 eng d
040 _cAL
041 _aKannada
082 _aK894.3 PADA
100 _aPADMA GURURAJ
_dಪದ್ಮಾ ಗುರುರಾಜ್
_9164035
245 _aAmratavahini
_bಅಮೃತವಾಹಿನಿ
260 _aBengaLuru
_b-
_c2008
300 _a178
650 _aAmratavahini
_9164036
690 _aKannada Fiction
_9164037
906 _a065227
942 _2ddc
_cBK
999 _c142652
_d142652